Movies Quiz

Random Movies or Letter Quiz
Score 0/24 Timer 04:00
0 Plays Today
Character % Correct
Edward (Edward Scissorhands)
95.7%
Elizabeth I (Elizabeth)
86.1%
Erin Brockovich (Erin Brockovich)
74.9%
EVE (Wall-E)
66.6%
Esmeralda (The Hunchback of...)
60%
Ebenezer Scrooge (A Christmas Carol)
56.7%
Ethan Hunt (Mission Impossible)
53.4%
Emmett 'Doc' Brown (Back to the Future)
52.6%
Ernest P. Worrell (Ernest Goes to Camp)
49.5%
Elliott (E.T.: The Extra-Terrestrial)
47.8%
Euphegenia Doubtfire (Mrs. Doubtfire)
47.7%
Ellen Ripley (Alien)
46.7%
Character % Correct
Elrond (The Lord of the Rings)
41.5%
Eddie Valiant (Who Framed Roger Rabbit)
41.3%
Emma Woodhouse (Emma)
41.2%
Elwood Blues (The Blues Brothers)
39.5%
Egon Spengler (Ghostbusters)
35.6%
Édith Piaf (La Vie en Rose)
28.3%
Edgar (Men in Black)
25.9%
Ernie 'Big Ern' McCracken (Kingpin)
20%
Ernst Stavro Blofeld (You Only Live Twice)
19.3%
Ennis Del Mar (Brokeback Mountain)
16.9%
Effie White (Dreamgirls)
14.2%
Enid (Ghost World)
5.8%
Remove Ads.
Support Sporcle.
Get the best of Sporcle when you Go Orange. This ad-free experience offers more features, more stats, and more fun while also helping to support Sporcle. Thank you for becoming a member.

You're not logged in!

Compare scores with friends on all Sporcle quizzes.
OR
Log In

Show Comments

Extras

Top Quizzes Today


Score Distribution

Your Account Isn't Verified!

In order to create a playlist on Sporcle, you need to verify the email address you used during registration. Go to your Sporcle Settings to finish the process.

Report this User

Report this user for behavior that violates our Community Guidelines.

Details: